|
|
|
|
| LEADER |
00000cam a2200000 7i4500 |
| 001 |
0000011390 |
| 005 |
20241011.0 |
| 008 |
231214 my eng |
| 020 |
|
|
|a 967655846X (pbk)
|
| 040 |
|
|
|a INS
|b eng
|e rda
|
| 090 |
0 |
0 |
|a KPG440
|b L44 2001
|
| 100 |
1 |
|
|a Lee, Mei Pheng ,
|e author
|
| 245 |
1 |
0 |
|a General principles of Malaysian law
|c Lee Mei Pheng
|
| 250 |
|
|
|a Fourth edition
|
| 264 |
|
1 |
|a Selangor :
|b Fajar Bakti
|c 2001
|
| 300 |
|
|
|a xi, 648 pages ;
|c 23 cm.
|
| 336 |
|
|
|a text
|2 rdacontent
|
| 337 |
|
|
|a unmediated
|2 rdamedia
|
| 338 |
|
|
|a volume
|2 rdacarrier
|
| 500 |
|
|
|a Includes index
|
| 650 |
|
0 |
|a Banking law
|z Malaysia
|
| 650 |
|
0 |
|a Law
|x Malaysia
|y Legislation
|z Malaysia
|
| 999 |
|
|
|a 0000010070
|b BOOK
|c Open Shelf
|e Default branch
|
| 999 |
|
|
|a 0000014717
|b BOOK
|c Open Shelf
|e Default branch
|
| 999 |
|
|
|a 0000015606
|b BOOK
|c Open Shelf
|e Default branch
|
| 999 |
|
|
|a 0000015607
|b BOOK
|c Open Shelf
|e Default branch
|
| 999 |
|
|
|a 0000015609
|b BOOK
|c Open Shelf
|e Default branch
|
| 999 |
|
|
|a 0000015610
|b BOOK
|c Open Shelf
|e Default branch
|
| 999 |
|
|
|a 0000015611
|b BOOK
|c Open Shelf
|e Default branch
|
| 999 |
|
|
|a 1000000215
|b BOOK
|c Open Shelf
|e Default branch
|